000 01532cam a2200301 a 4500
003 OSt
005 20210907121137.0
008 021118s2002 ck ado r 000 0 spa d
020 _a9589649475
040 _aCO-BoPUJ
_cCO-JMCR
041 0 _aspa
043 _as-ck---
082 0 4 _a338.173851 /
_bM665g
_223
110 1 _aMinisterio del Medio Ambiente
_eautor
_940083
245 1 0 _aGuía ambiental para el subsector de la agroindustria de la palma de aceite /
_cMinisterio del Medio Ambiente, Sociedad de Agricultores de Colombia, Federación Nacional de Cultivadores de Palma de Aceite, dirección Miguel Ángel Mazorra Valderrama
260 _aBogotá :
_bFedepalma,
_c2002.
300 _a136 páginas :
_bilustraciones, fotos, gráficas y tablas ;
_c24 cm.
504 _aBibliografía : páginas123-125, e índice.
505 0 _aAportes al desarrollo sostenible. -- marco jurídico general. -- Planeación y gestión ambiental. -- Descripción de procesos. -- Identificación de impactos ambientales y medidas de manejo. -- Evaluación, monitoreo y seguimiento.
650 1 4 _aPalma africana
_xProducción
_zColombia
_940084
650 2 4 _aPolítica ambiental
_zColombia
_940085
650 2 4 _aGestión ambiental
_zColombia
_940086
650 2 4 _aIndustria de aceite de palma
_940087
700 1 _aMazorra Valderrama, Miguel Ángel
_ecoautor
_940088
710 2 _aSociedad de Agricultores de Colombia
_ecoautor
_940089
710 2 _aFederación Nacional de Cultivadores de Palma de Aceite
_ecoautor
_940090
942 _2ddc
_cBK
999 _c12367
_d12367